| 000 | 00794nam a22003010a 4500 | ||
|---|---|---|---|
| 001 | PT62147 | ||
| 003 | AR-LpoUNG | ||
| 005 | 20210131232055.0 | ||
| 008 | 191001s1995||||sp |||||||||||||||||spa d | ||
| 020 |
_a8439719531 _c$48 |
||
| 040 |
_aAR-LpoUNG _bspa _cAR-LpoUNG _eaacr |
||
| 041 | _aspa | ||
| 044 | _asp | ||
| 082 | 0 | _a808.068 3 432mun | |
| 100 | 1 | _aLazzarato, Francesca | |
| 245 | 1 | 3 |
_aEl mundo mágico : _bbrujas |
| 250 | _a1ra. ed. | ||
| 260 |
_aBarcelona : _bMontena, _c1995. |
||
| 300 |
_a91 p. : _bil. |
||
| 505 | 0 | _aSugerido a partir de 12 años (etiqueta FUCSIA) | |
| 650 | 4 | _aCUENTOS | |
| 650 | 4 | _aLITERATURA | |
| 653 | _aLITERATURA INFANTOJUVENIL | ||
| 700 | 1 |
_aCamps, Assumpta _etr. |
|
| 700 | 1 |
_aGuicciardini, Desideria _eil. |
|
| 905 | _a62147 | ||
| 942 | _cLIB | ||
| 999 |
_c13602 _d13602 |
||